000 00529nam a2200217Ia 4500
008 170918s9999 xx 000 0 und d
020 _a9780439796583
050 _bM414sl 2006
100 _aMass, Wendy
245 _aSleeping beauty :
245 _bthe one who took the really long nap /
245 _cby Wendy Mass.
260 _aNew York :
260 _bScholastic,
260 _c2006
300 _a172 pages :
300 _billustrations ;
300 _c19cm.
300 _eTwice upon a time.
500 _a780
999 _c343791
_d343791